An Introduction to Computational Fruid Dynamics:The Finite Volume Method. (Record no. 5592)

MARC details
000 -LEADER
fixed length control field 00577nam a22001937a 4500
003 - CONTROL NUMBER IDENTIFIER
control field OSt
005 - DATE AND TIME OF LATEST TRANSACTION
control field 20170228141544.0
008 - FIXED-LENGTH DATA ELEMENTS--GENERAL INFORMATION
fixed length control field 170228b xxu||||| |||| 00| 0 eng d
020 ## - INTERNATIONAL STANDARD BOOK NUMBER
International Standard Book Number 9780131274983
040 ## - CATALOGING SOURCE
Transcribing agency DDC.
082 ## - DEWEY DECIMAL CLASSIFICATION NUMBER
Classification number 532.05 VER 2007.
100 ## - MAIN ENTRY--PERSONAL NAME
Personal name Versteeg,H.K;Malalasekera;
9 (RLIN) 11682
245 ## - TITLE STATEMENT
Title An Introduction to Computational Fruid Dynamics:The Finite Volume Method.
260 ## - PUBLICATION, DISTRIBUTION, ETC. (IMPRINT)
Place of publication, distribution, etc. Harlow;
Name of publisher, distributor, etc. Pearson Prentice Hall.
Date of publication, distribution, etc. 2007.
300 ## - PHYSICAL DESCRIPTION
Extent xii,503p;
Other physical details ill;
Dimensions 27cm.
504 ## - BIBLIOGRAPHY, ETC. NOTE
Bibliography, etc includes bibliography and index.
650 ## - SUBJECT ADDED ENTRY--TOPICAL TERM
Topical term or geographic name as entry element Physics.
9 (RLIN) 809
942 ## - ADDED ENTRY ELEMENTS (KOHA)
Source of classification or shelving scheme Dewey Decimal Classification
Koha item type Open Shelf
Holdings
Withdrawn status Lost status Source of classification or shelving scheme Damaged status Not for loan Home library Current library Date acquired Source of acquisition Inventory number Total Checkouts Full call number Barcode Date last seen Price effective from Koha item type
    Dewey Decimal Classification     MUST Main Library MUST Main Library 28/02/2017   11/33031   532.05 VER 2007. 2017-0272 28/02/2017 28/02/2017 Open Shelf
    Dewey Decimal Classification     MUST Main Library MUST Main Library 17/06/2024 Purchase 07/29212   532.05 VER 2007. 2024-20666 04/12/2025 17/06/2024 Open Shelf